El crepúsculo de los ídolos

Enregistré dans:
Détails bibliographiques
Auteur principal: Nietzsche, Friedrich (Friedrich Wilhelm) (autor)
Format: Livre
Langue:espagnol
Publié: Buenos Aires Del Mediodía 1968
Sujets:
Tags: Ajouter un tag
Pas de tags, Soyez le premier à ajouter un tag!

MARC

LEADER 00000nam a2200000 a 4500
001 UCV7858
003 CL-VaPUC
005 20230309123502.0
008 891121e19680000AG |||||||||||||||||spa|d
999 |c 213468  |d 213466 
040 |c Pontificia Universidad Católica de Valparaíso 
082 0 4 |a 193  |b NIE  |2 21 
100 |a Nietzsche, Friedrich   |q (Friedrich Wilhelm)   |e autor  |9 880463 
245 1 3 |a El crepúsculo de los ídolos 
260 |a Buenos Aires  |b Del Mediodía  |c 1968 
300 |a 115 p 
583 |a last modification  |c 19891121 00:00:00  |k Rodrigo Vera 
650 0 |a Filosofía alemana   |9 265002 
942 |c BK  |2 ddc 
945 |d 19891121 00:00:00 
952 |0 0  |1 0  |2 ddc  |4 0  |6 193_000000000000000_NIE_1968  |7 0  |8 A  |9 195875  |a BIBARQ  |b BIBARQ  |c PAC  |d 2019-11-14  |i 2638649  |o 193 NIE 1968  |p 2638649  |r 2025-01-20  |w 2019-11-14  |y BK  |k ARQ